|
|
|
|
| LEADER |
03551nam a2200673 aa4500 |
| 001 |
nkc20061693242 |
| 003 |
CZ PrNK |
| 005 |
20180828111243.0 |
| 007 |
ta |
| 008 |
061017s2006 xr a e p 000 0 cze |
| 015 |
|
|
|a cnb001693242
|
| 020 |
|
|
|a 80-214-3269-1
|q (díl 1-3 ;
|q brož.)
|
| 035 |
|
|
|a (OCoLC)124088857
|
| 040 |
|
|
|a BOA001
|b cze
|d ABA001
|
| 072 |
|
7 |
|a 336.7
|x Finance
|2 Konspekt
|9 4
|
| 072 |
|
7 |
|a 37.016
|x Učební osnovy. Vyučovací předměty. Učebnice
|2 Konspekt
|9 22
|
| 080 |
|
|
|a 336.763
|2 MRF
|
| 080 |
|
|
|a 336.761
|2 MRF
|
| 080 |
|
|
|a 336.76
|2 MRF
|
| 080 |
|
|
|a (075.8)
|2 MRF
|
| 100 |
1 |
|
|a Sojka, Zdeněk,
|d 1941-
|7 mzk2005306683
|4 aut
|
| 245 |
1 |
0 |
|a Cenné papíry a burzy :
|b studijní text pro kombinovanou formu studia /
|c Zdeněk Sojka, Petr Mandelík
|
| 250 |
|
|
|a Vyd. 1.
|
| 260 |
|
|
|a Brno :
|b Akademické nakladatelství CERM,
|c 2006
|
| 300 |
|
|
|a 3 sv. :
|b il. ;
|c 30 cm
|
| 490 |
1 |
|
|a Učební texty vysokých škol
|
| 500 |
|
|
|a Nad názvem: Vysoké učení technické v Brně, Fakulta podnikatelská
|
| 500 |
|
|
|a Z technických důvodů vydáno ve 3 sv.
|
| 504 |
|
|
|a Obsahuje bibliografie
|
| 505 |
0 |
|
|a díl 1. 67 s. -- díl 2. s. 68-125 -- díl 3. s. 126-184
|
| 650 |
0 |
7 |
|a cenné papíry
|7 ph119099
|2 czenas
|
| 650 |
0 |
7 |
|a burzy cenných papírů
|7 ph134669
|2 czenas
|
| 650 |
0 |
7 |
|a kapitálové trhy
|7 ph114867
|2 czenas
|
| 650 |
0 |
9 |
|a securities
|2 eczenas
|
| 650 |
0 |
9 |
|a stock exchanges
|2 eczenas
|
| 650 |
0 |
9 |
|a capital market
|2 eczenas
|
| 655 |
|
7 |
|a učebnice vysokých škol
|7 fd133772
|2 czenas
|
| 655 |
|
9 |
|a textbooks (higher)
|2 eczenas
|
| 700 |
1 |
|
|a Mandelík, Petr,
|d 1974-
|7 mzk2002160593
|4 aut
|
| 710 |
2 |
|
|a Vysoké učení technické v Brně.
|b Podnikatelská fakulta
|7 kn20010709420
|
| 810 |
2 |
|
|a Vysoké učení technické v Brně.
|t Učební texty vysokých škol
|0 s
|
| 856 |
4 |
1 |
|u http://www.digitalniknihovna.cz/mzk/uuid/uuid:f142dba0-4f53-11e7-80b4-001018b5eb5c
|y Digitalizovaný dokument
|x NDK
|
| 910 |
2 |
|
|a BOA001
|b 3-1172.732
|s 1-3
|t v
|
| 928 |
9 |
|
|a CERM
|
| 990 |
|
|
|a BK
|
| 995 |
|
|
|a 01
|
| 991 |
|
|
|b 200612
|c NOV
|
| 996 |
7 |
|
|b 2610295183
|c 3-1172.732
|d 1.díl
|v 1
|l MZK
|r Sklad / do 1 hodiny
|n 7
|p p.v.
|w 000833896
|u 000020
|a 1
|e BOA001
|j MZK50
|s A
|
| 996 |
6 |
|
|b 2610295184
|c 3-1172.732
|d 1.díl
|v 1
|l MZK
|r Sklad / do 1 hodiny
|n 1
|p p.v.
|w 000833896
|u 000010
|a 1
|e BOA001
|j MZK50
|s P
|
| 996 |
6 |
|
|b 2610295185
|c 3-1172.732
|d 2.díl
|v 2
|l MZK
|r Sklad / do 1 hodiny
|n 0
|p p.v.
|w 000833896
|u 000030
|a 1
|e BOA001
|j MZK50
|s P
|
| 996 |
7 |
|
|b 2610295186
|c 3-1172.732
|d 2.díl
|v 2
|l MZK
|r Sklad / do 1 hodiny
|n 9
|p p.v.
|w 000833896
|u 000040
|a 1
|e BOA001
|j MZK50
|s A
|
| 996 |
6 |
|
|b 2610295187
|c 3-1172.732
|d 3.díl
|v 3
|l MZK
|r Sklad / do 1 hodiny
|n 3
|p p.v.
|w 000833896
|u 000050
|a 1
|e BOA001
|j MZK50
|s P
|
| 996 |
7 |
|
|b 2610295188
|c 3-1172.732
|d 3.díl
|v 3
|l MZK
|r Sklad / do 1 hodiny
|n 13
|p p.v.
|w 000833896
|u 000060
|a 1
|e BOA001
|j MZK50
|s A
|
| 996 |
7 |
|
|b 2610302533
|c 3-1172.732
|d 1.díl
|v 1
|l MZK
|r Sklad / do 1 hodiny
|n 4
|p kup
|w 000833896
|u 000070
|a 1
|e BOA001
|j MZK50
|s A
|
| 996 |
7 |
|
|b 2610302534
|c 3-1172.732
|d 1.díl
|v 1
|l MZK
|r Sklad / do 1 hodiny
|n 13
|p kup
|w 000833896
|u 000080
|a 1
|e BOA001
|j MZK50
|s A
|
| 996 |
7 |
|
|b 2610302535
|c 3-1172.732
|d 2.díl
|v 2
|l MZK
|r Sklad / do 1 hodiny
|n 8
|p kup
|w 000833896
|u 000090
|a 1
|e BOA001
|j MZK50
|s A
|
| 996 |
7 |
|
|b 2610302536
|c 3-1172.732
|d 2.díl
|v 2
|l MZK
|r Sklad / do 1 hodiny
|n 6
|p kup
|w 000833896
|u 000100
|a 1
|e BOA001
|j MZK50
|s A
|
| 996 |
7 |
|
|b 2610302537
|c 3-1172.732
|d 3.díl
|v 3
|l MZK
|r Sklad / do 1 hodiny
|n 6
|p kup
|w 000833896
|u 000110
|a 1
|e BOA001
|j MZK50
|s A
|
| 996 |
7 |
|
|b 2610302538
|c 3-1172.732
|d 3.díl
|v 3
|l MZK
|r Sklad / do 1 hodiny
|n 17
|p kup
|w 000833896
|u 000120
|a 1
|e BOA001
|j MZK50
|s A
|